Droits de l'homme : une universalité menacé / (Record no. 2396)

MARC details
000 -LEADER
fixed length control field 00970cam a2200265Ma 4500
001 - CONTROL NUMBER
control field ocn560008625
003 - CONTROL NUMBER IDENTIFIER
control field OCoLC
005 - DATE AND TIME OF LATEST TRANSACTION
control field 20130520061514.0
008 - FIXED-LENGTH DATA ELEMENTS--GENERAL INFORMATION
fixed length control field 100315s2010 fr g 000 0 fre d
020 ## - INTERNATIONAL STANDARD BOOK NUMBER
Cancelled/invalid ISBN 3303331953067 (pbk.)
035 ## - SYSTEM CONTROL NUMBER
System control number (OCoLC)560008625
040 ## - CATALOGING SOURCE
Original cataloging agency AUXAM
Language of cataloging fre
Transcribing agency TZ-ArACH
Modifying agency OCLCQ
-- MUQ
-- OCLCQ
041 ## - LANGUAGE CODE
Language code of text/sound track or separate title Fre
049 ## - LOCAL HOLDINGS (OCLC)
Holding library TZAA
050 14 - LIBRARY OF CONGRESS CALL NUMBER
Classification number JC571
Item number .F427
100 1# - MAIN ENTRY--PERSONAL NAME
Personal name Fellous, Gérard.
9 (RLIN) 10754
245 14 - TITLE STATEMENT
Title Droits de l'homme : une universalité menacé /
Remainder of title une universalité menacé /
Statement of responsibility, etc Gérard Fellous.
260 ## - PUBLICATION, DISTRIBUTION, ETC. (IMPRINT)
Place of publication, distribution, etc Paris :
Name of publisher, distributor, etc Documentation française,
Date of publication, distribution, etc 2010.
300 ## - PHYSICAL DESCRIPTION
Extent 272 p. ;
Dimensions 24 cm.
490 1# - SERIES STATEMENT
Series statement Les études de la Documentation française
650 #6 - SUBJECT ADDED ENTRY--TOPICAL TERM
Topical term or geographic name as entry element Droits de l'homme (Droit international)
9 (RLIN) 10755
830 #0 - SERIES ADDED ENTRY--UNIFORM TITLE
Uniform title Études de la Documentation française.
9 (RLIN) 10756
942 ## - ADDED ENTRY ELEMENTS (KOHA)
Source of classification or shelving scheme Library of Congress Classification
Koha item type Books
Holdings
Home library Current library Shelving location Date acquired Full call number Barcode Koha item type
African Court on Human and Peoples' Rights Library African Court on Human and Peoples' Rights Library   21/05/2013 JC571 .F427 1002879X Books

African Court on Human and Peoples' Rights | For Inquiries Contact » +255 272 510 510